Směrnice Evropského parlamentu a Rady 98/78/ES

Znenie Smernice Európskeho parlamentu a Rady Európskej únie o doplnkovom dozore nad poisťovňami v poisťovacej skupine zo dňa 27. septembra 1998.

Saved in:
Bibliographic Details
Format: Book Chapter
Language:Czech
Subjects:
Tags: Add Tag
No Tags, Be the first to tag this record!

MARC

LEADER 00000naa$a2200000$$$4500
001 0034749
005 20230928072135.2
041 0 |a cze 
044 |a CZ 
245 1 0 |a Směrnice Evropského parlamentu a Rady 98/78/ES 
520 |a Znenie Smernice Európskeho parlamentu a Rady Európskej únie o doplnkovom dozore nad poisťovňami v poisťovacej skupine zo dňa 27. septembra 1998. 
610 2 0 |a smernice 
610 2 0 |a parlamenty 
610 2 0 |a Európa 
610 2 0 |a Európska únia 
610 2 0 |a poisťovníctvo 
610 2 0 |a dozor štátny 
610 2 0 |a poisťovne 
610 2 0 |a aproximácia práva 
610 2 0 |a harmonizácia